JRA 2025年 G1勝利馬 - Statistics

General Stats
  • This quiz has been taken 28 times
  • The average score is 18 of 26
Answer Stats
レース 騎手 Answer % Correct
フェブラリーステークス キング コスタノヴァ
91%
高松宮記念 モレイラ サトノレーヴ
87%
皐月賞 モレイラ ミュージアムマイル
87%
有馬記念 デムーロ ミュージアムマイル
87%
宝塚記念 武豊 メイショウタバル
83%
大阪杯 横山和生 ベラジオオペラ
78%
日本ダービー(東京優駿) 北村友一 クロワデュノール
78%
安田記念 川田将雅 ジャンタルマンタル
74%
マイルチャンピオンシップ 川田将雅 ジャンタルマンタル
74%
ジャパンカップ バルザローナ カランダガン
74%
エリザベス女王杯 戸崎圭太 レガレイラ
70%
桜花賞 モレイラ エンブロイダリー
65%
オークス(優駿牝馬) シュタルケ カムニャック
65%
スプリンターズステークス 三浦皇成 ウインカーネリアン
65%
秋華賞 ルメール エンブロイダリー
65%
天皇賞(秋) ルメール マスカレードボール
65%
チャンピオンズカップ 坂井瑠星 ダブルハートボンド
65%
ホープフルステークス 松山弘平 ロブチェン
65%
阪神ジュベナイルフィリーズ 松山弘平 スターアニス
61%
中山グランドジャンプ 草野太郎 エコロデュエル
61%
中山大障害 草野太郎 エコロデュエル
61%
NHKマイルカップ 松山弘平 パンジャタワー
57%
菊花賞 ルメール エネルジコ
57%
ヴィクトリアマイル ルメール アスコリピチェーノ
52%
朝日杯フューチュリティステークス デムーロ カヴァレリッツォ
48%
天皇賞(春) レーン へデントール
35%
No matching quizzes found
Score Distribution
Percent of People with Each Score
Percentile by Number Answered
Your Score History
You have not taken this quiz